| 000 | 006140000a22001810004500 | ||
|---|---|---|---|
| 003 | MACL | ||
| 005 | 20160423165141.0 | ||
| 008 | 160423b xxu||||| |||| 00| 0 eng d | ||
| 040 |
_aMACL _cMACL |
||
| 041 | _aHindi | ||
| 082 | _a800 | ||
| 100 |
_aरामेश्वर मिश्र _951852 |
||
| 245 |
_aविश्वभारती पत्रिका _bचयनित निबन्ध |
||
| 260 |
_bविश्वभारती ग्रन्थनविभाग _c2008 _aकोलकाता |
||
| 350 | _a350 | ||
| 650 |
_aLiteracture _953764 |
||
| 942 |
_cHIN _k800/MIS _2ddc |
||
| 999 |
_c44375 _d44375 |
||